000 00503nam a2200181Ia 4500
008 090124s9999 xx 000 0 und d
082 _b12296
100 _aआंगले भिकू ह. पै
245 _a दंश
250 _a1
260 _bस्मिता प्रकाशन
_c1972
300 _a61
600 _aआंगले भिकू ह. पै
630 _a दंश
700 _aआंगले भिकू ह. पै
730 _a दंश
942 _cBOOK
999 _c87237
_d87237